|
|
|
|
| LEADER |
01666nam a2200421 a 4500 |
| 001 |
000666006 |
| 003 |
CZ BrMZK |
| 005 |
20061012135030.0 |
| 007 |
ta |
| 008 |
030411s2002 xo a e p 000 0 slo d |
| 020 |
|
|
|a 80-223-1622-9
|q (brož.)
|
| 040 |
|
|
|a BOA001
|b cze
|
| 072 |
|
7 |
|a 611
|x Anatomie člověka a srovnávací anatomie
|2 Konspekt
|9 14
|
| 072 |
|
7 |
|a 37.016
|x Učební osnovy. Vyučovací předměty. Učebnice
|2 Konspekt
|9 22
|
| 080 |
|
|
|a 611.314
|2 MRF
|
| 080 |
|
|
|a 616.31
|2 MRF
|
| 080 |
|
|
|a 611
|2 MRF
|
| 080 |
|
|
|a (075.8)
|2 MRF
|
| 100 |
1 |
|
|a Duránik, Vojtech,
|d 1940-
|7 mzk2003175363
|4 aut
|
| 245 |
1 |
0 |
|a Detailná anatómia zubov ;
|b Návod na modelovanie zubov /
|c Vojtech Duránik, Anna Holomáňová, Darina Gabániová
|
| 250 |
|
|
|a 1. vyd.
|
| 260 |
|
|
|a Bratislava :
|b Univerzita Komenského,
|c 2002
|
| 300 |
|
|
|a 64 s. :
|b il. ;
|c 29 cm
|
| 500 |
|
|
|a Nad názvem: Lekárska fakulta Univerzity Komenského v Bratislave
|
| 500 |
|
|
|a 500 výt
|
| 504 |
|
|
|a Obsahuje bibliografii
|
| 541 |
|
|
|a Bratislava, Centrum vedecko-technických informácií SR
|
| 650 |
0 |
7 |
|a zuby
|7 ph127695
|2 czenas
|
| 650 |
0 |
7 |
|a stomatologie
|7 ph126122
|2 czenas
|
| 650 |
0 |
7 |
|a anatomie člověka
|7 ph118421
|2 czenas
|
| 655 |
|
7 |
|a učebnice vysokých škol
|7 fd133772
|2 czenas
|
| 700 |
1 |
|
|a Holomáňová, Anna,
|d 1940-
|7 mzk2003175344
|4 aut
|
| 700 |
1 |
|
|a Gabániová, Darina
|7 mzk2003175345
|4 aut
|
| 710 |
2 |
|
|a Univerzita Komenského v Bratislave.
|b Lekárska fakulta
|7 kn20010710359
|
| 740 |
0 |
2 |
|a Návod na modelovanie zubov
|
| 910 |
|
|
|a BOA001
|b 3-1116.771
|
| 990 |
|
|
|a BK
|
| 996 |
7 |
|
|b 2610186425
|c 3-1116.771
|l MZK
|r Sklad / do 1 hodiny
|n 7
|p vým
|w 000666006
|u 000010
|a 1
|e BOA001
|j MZK50
|s A
|